Kde a jak hledat informace o firmách

Saved in:
Bibliographic Details
Main Author: Babka, Michael
Format: Book
Language:Czech
Published: Praha Management Press 1994
Edition:1. vyd.
Subjects:
Tags: Add Tag
No Tags, Be the first to tag this record!

MARC

LEADER 00000nam a2200000 4500
001 c005748
005 20221205140715.0
020 |a 80-85603-56-X 
041 0 |a cze 
044 |a CZ 
245 1 0 |a Kde a jak hledat informace o firmách  |c Michael Babka 
250 |a 1. vyd. 
264 1 |a Praha  |b Management Press  |c 1994 
300 |a 174 s. 
610 2 0 |a zdroje informácií 
610 2 0 |a firmy 
610 2 0 |a systémy dialógové 
610 2 0 |a banky dát 
610 2 0 |a partneri obchodní 
610 2 0 |a podnikanie 
610 2 0 |a informácie ekonomické 
610 2 0 |a bankrot 
100 1 |a Babka, Michael